| 000 | 00000nam##2200000za#4500 |
| 001 | 9.685736 |
| 003 | CaOODSP |
| 005 | 20250319161959 |
| 007 | ta |
| 008 | 150407|2014||||xxc||||| f|0| 0 fre|d |
| 020 | |a978-0-660-22603-3 |
| 040 | |aCaOODSP|bfre |
| 043 | |an-cn--- |
| 086 | 1 |aEn4-106/2014F |
| 110 | 1 |aCanada. |bEnvironnement Canada. |
| 245 | 10|aAvis aux chasseurs - le Garrot d'Islande : |bsachez le reconnaître! |
| 260 | |aGatineau - Québec : |bEnvironnement Canada |cc2014. |
| 300 | |a1 feuille pliée ([6]p.) : |bfigures, graphiques ; |c22 cm. |
| 563 | |aDépliant |
| 590 | |a14-36|b2014-09-05 |
| 691 | 07|aChasse sportive|2gcpds |
| 691 | 07|aOiseau|2gcpds |
| 775 | 08|tWarning to hunters - the Barrow's Goldeneye : |w(CaOODSP)9.652814 |
| 776 | 0#|tAvis aux chasseurs - le Garrot d'Islande : |w(CaOODSP)9.643731 |